| 000 | 00500nam a2200193Ia 4500 | ||
|---|---|---|---|
| 003 | 0100 | ||
| 008 | 130227s9999 xx 000 0 und d | ||
| 040 | _cARRUPELIB | ||
| 050 | _aQ360.P5 | ||
| 100 |
_aPierce, John Robinson _919067 |
||
| 245 | _aSymbols, signals and noise | ||
| 245 | _bThe nature and process of communication | ||
| 260 | _aNew York | ||
| 260 |
_bHarper & Brother _c1961 |
||
| 300 | _axi | ||
| 300 | _b 305p 21cm | ||
| 650 |
_bInformation theory _914003 |
||
| 942 |
_2lcc _cMONOGRAPH |
||
| 999 |
_c780 _d780 |
||